<?xml version="1.0" encoding="UTF-8"?>
<marc:record xmlns:marc="http://www.loc.gov/MARC21/slim">
   <marc:leader>00000nam a2200000 a 4500</marc:leader>
   <marc:datafield ind1="1" ind2=" " tag="100">
      <marc:subfield code="a">Neitzel, Gesa</marc:subfield>
      <marc:subfield code="4">aut</marc:subfield>
      <marc:subfield code="e">Verfasser/-in</marc:subfield>
   </marc:datafield>
   <marc:datafield ind1=" " ind2=" " tag="653">
      <marc:subfield code="a">Softcover / Kinder- und Jugendbücher/Erstlesealter</marc:subfield>
   </marc:datafield>
   <marc:datafield ind1=" " ind2=" " tag="653">
      <marc:subfield code="a">Vorschulalter</marc:subfield>
   </marc:datafield>
   <marc:datafield ind1=" " ind2=" " tag="653">
      <marc:subfield code="a">Leseförderung</marc:subfield>
   </marc:datafield>
   <marc:datafield ind1=" " ind2=" " tag="653">
      <marc:subfield code="a">Erstlesebuch Löwen</marc:subfield>
   </marc:datafield>
   <marc:datafield ind1=" " ind2=" " tag="653">
      <marc:subfield code="a">Erstlesebuch Savanne</marc:subfield>
   </marc:datafield>
   <marc:datafield ind1=" " ind2=" " tag="653">
      <marc:subfield code="a">Geschenke Schultüte</marc:subfield>
   </marc:datafield>
   <marc:datafield ind1=" " ind2=" " tag="653">
      <marc:subfield code="a">Der König der Löwen</marc:subfield>
   </marc:datafield>
   <marc:datafield ind1=" " ind2=" " tag="653">
      <marc:subfield code="a">Geschenke Einschulung</marc:subfield>
   </marc:datafield>
   <marc:datafield ind1=" " ind2=" " tag="653">
      <marc:subfield code="a">Lesenlernen 1. Klasse</marc:subfield>
   </marc:datafield>
   <marc:datafield ind1=" " ind2=" " tag="653">
      <marc:subfield code="a">Kinderbücher ab 6 Jahren</marc:subfield>
   </marc:datafield>
   <marc:datafield ind1=" " ind2=" " tag="653">
      <marc:subfield code="a">Bücher für Leseanfänger</marc:subfield>
   </marc:datafield>
   <marc:datafield ind1=" " ind2=" " tag="653">
      <marc:subfield code="a">Lesenlernen leicht gemacht</marc:subfield>
   </marc:datafield>
   <marc:datafield ind1=" " ind2=" " tag="653">
      <marc:subfield code="a">Bücher zum ersten Selberlesen</marc:subfield>
   </marc:datafield>
   <marc:datafield ind1=" " ind2=" " tag="653">
      <marc:subfield code="a">Bücher für Grundschulkinder ab 6 Jahren</marc:subfield>
   </marc:datafield>
   <marc:datafield ind1=" " ind2=" " tag="653">
      <marc:subfield code="a">Erstlesealter</marc:subfield>
   </marc:datafield>
   <marc:datafield ind1="0" ind2="0" tag="245">
      <marc:subfield code="a">Leselöwen 1. Klasse - Ein Löwe findet Freunde</marc:subfield>
   </marc:datafield>
   <marc:datafield ind1="0" ind2="0" tag="245">
      <marc:subfield code="b">Die Nr. 1 für den Lesestart - Mit Leselernschrift ABeZeh - Erstlesebuch für Kinder ab 6 Jahren</marc:subfield>
   </marc:datafield>
   <marc:datafield ind1="0" ind2="0" tag="245">
      <marc:subfield code="c">Neitzel, Gesa</marc:subfield>
   </marc:datafield>
   <marc:datafield ind1=" " ind2="1" tag="264">
      <marc:subfield code="a">Bindlach</marc:subfield>
      <marc:subfield code="b">Loewe</marc:subfield>
      <marc:subfield code="c">2026</marc:subfield>
   </marc:datafield>
   <marc:datafield ind1="1" ind2=" " tag="490">
      <marc:subfield code="a">Leselöwen 1. Klasse</marc:subfield>
   </marc:datafield>
   <marc:datafield ind1=" " ind2=" " tag="250">
      <marc:subfield code="a">1. Auflage</marc:subfield>
   </marc:datafield>
   <marc:datafield ind1="1" ind2=" " tag="520">
      <marc:subfield code="a">Lino ist der neue König der Löwen. Jeden Tag soll er auf dem Felsen stehen und brüllen. Dabei will er den anderen Tieren gar keine Angst machen! Also schleicht er sich davon, um in der Savanne Freunde zu finden. Doch alle Tiere, denen er begegnet, laufen panisch vor ihm weg. Bis er die alte Schildkröte Nia trifft. Kann sie ihm helfen? Und wird er doch noch ein richtiger König werden? &#xD;
        &#xD;
&#xD;
        &#xD;
Schenken Sie Ihrem Kind das bewährte Erfolgskonzept zum Lesenlernen. &#xD;
        &#xD;
&#xD;
        &#xD;
Lesenlernen ganz einfach – mit den Erstlesebüchern der Reihe Leselöwen für die 1. Klasse. Die Kinderbuch-Bestseller unterstützen mit vielen Extras das Textverständnis von Kindern ab 6 Jahren &#xD;
        Eine spannende TiergeschichteMit Silbenfärbung zum leichteren LesenlernenSeit 50 Jahren lernen Kinder mit den Leselöwen erfolgreich lesenÜber 29 Millionen verkaufte Exemplare – Die Nr. 1 in Deutschland, Österreich und der SchweizSpannende Geschichten für geübte Leseanfänger*innen, unverzichtbar zum Lesenlernen mit SpaßVon Lehrer*innen mitentwickelt und empfohlen, von Grundschüler*innen getestet Einfache, kurze Sätze in großer Fibelschrift unterstützen optimal den Leselern-Prozess Genau auf die Interessen und Lesefähigkeiten von Grundschüler*innen ausgerichtetMit Frage- und Übungsteil zur Förderung des TextverständnissesInklusive spannendem „Schon gewusst“-SachwissenAbwechslungsreiche Quizfragen auf Antolin steigern die Lesemotivation</marc:subfield>
   </marc:datafield>
   <marc:datafield ind1=" " ind2=" " tag="020">
      <marc:subfield code="a">9783743220805</marc:subfield>
      <marc:subfield code="9">9783743220805</marc:subfield>
   </marc:datafield>
   <marc:datafield ind1=" " ind2=" " tag="020">
      <marc:subfield code="a">3743220806</marc:subfield>
      <marc:subfield code="9">3743220806</marc:subfield>
   </marc:datafield>
   <marc:datafield ind1=" " ind2=" " tag="041">
      <marc:subfield code="a">ger</marc:subfield>
   </marc:datafield>
   <marc:datafield ind1=" " ind2=" " tag="338">
      <marc:subfield code="a">Band</marc:subfield>
   </marc:datafield>
   <marc:datafield ind1=" " ind2=" " tag="300">
      <marc:subfield code="a">48 Seiten</marc:subfield>
   </marc:datafield>
</marc:record>
